| 000 | 00675nam a2200193 i 4500 | ||
|---|---|---|---|
| 001 | 141742 | ||
| 003 | ES-MaACL | ||
| 005 | 20230906200346.0 | ||
| 007 | t| | ||
| 008 | 070927s1908 fr ||||1| fre d | ||
| 100 | 1 |
_aLeonardo da Vinci, _d1452-1519 _971671 |
|
| 245 | 1 | 0 |
_aTextes choisis _b: pensées, théories, precéptes, fables et facéties / _cLeonard de Vinci ; traduits... avec une introduction par Péladan. |
| 260 |
_aParis : _bMayenne, Ch. Colin, _c1908. |
||
| 300 |
_a384 p. : _bil. ; _c19 cm. |
||
| 500 | _aLa lám. es el autorretrato de Leonardo. | ||
| 700 | 1 |
_aPéladan, Joséphin. _990015 |
|
| 852 |
_aES-MaACL _jF-11387 |
||
| 999 |
_c141742 _d141742 |
||